000 00220nam a2200097Ia 4500
005 20251222121410.0
008 251222s1900||||xx |||||||||||||| ||spa||
082 _aDVD0120/L83/1967
245 0 _aCamelot:Camelot
942 _cDVD
999 _c2479
_d2479